50 Quiz Fragen (1) - Statistiken

Allgemein
  • Dieses Quiz wurde 152 mal gespielt
    101 seit der letzten Aktualisierung
  • Das Durchschnittsergebnis liegt bei 21 aus 50
Antwortstatistiken
Frage Antwort % Korrekt
In welchem Jahr fiel die Berliner Mauer? 1989
87%
Wie hieß der erste deutsche Bundeskanzler? Konrad Adenauer
86%
Welches chemische Element hat das Symbol “Fe”? Eisen
84%
Was ist die Hauptstadt von Kanada? Ottawa
80%
Welcher Fluss fließt durch London? Themse
71%
Aus welchem weltberühmten Klassiker stammt die Figur “Mephisto”? Faust
70%
Was bekommt man, wenn man in Italien “Latte” bestellt? Milch
67%
Welches Land gewann im Jahr 2024 den Eurovision Song Contest? Schweiz
67%
Wie lautet der offizielle Name des medizinischen Fachgebiets für Frauenheilkunde? Gynäkologie
66%
Wer teilt den neuen Zauberlehrlingen in Hogwarts ihr Haus zu? Der Sprechende Hut
63%
In welchem Jahr starb Michael Jackson? 2009
62%
Eine Falschmeldung in der Zeitung wird umgangssprachlich nach welchem Tier benannt? Ente
62%
Wie heißt die Landeshauptstadt von Rheinland-Pfalz? Mainz
62%
Welche Stadt wird als “Ewige Stadt” bezeichnet? Rom
61%
In welchem Land steht die längste Brücke der Welt? China
57%
Wofür steht die Abkürzung AGB? Allgemeine Geschäftsbedingungen
54%
Wofür steht die juristische Abkürzung OLG? Oberlandesgericht
54%
Wie nennt man ein schwarzes Pferd? Rappe
54%
Wie heißt der Affe von Pippi Langstrumpf? Herr Nilsson
53%
Wie heißt die von Jenna Ortega gespielte “Wednesday” mit Nachnamen? Addams
51%
In welchem Bundesland befinden sich die Kfz-Kennzeichen HL, IZ und NMS? Schleswig-Holstein
49%
Welche bekannte Bastelshow für Kinder wird von Beni Weber moderiert? Art Attack
48%
Wie nennst du den Bruder des Ehepartners deiner Schwester? Schwippschwager
48%
Wie heißt der höchste Berg der Alpen? Mont Blanc
46%
Wie heißt die Moderatorin des ZDF-Fernsehgartens? Andrea Kiewel
41%
Wie wird die Lehre von Pflanzen genannt? Botanik
39%
In welcher Stadt wurde John F. Kennedy ermordet? Dallas
39%
Wer ist Deutscher Bundesminister für Gesundheit? Karl Lauterbach
37%
Wofür steht die Abkürzung WC? Water Closet
35%
Wofür steht die Abkürzung TÜV? Technischer Überwachungsverein
34%
Welcher Verein der zweiten Bundesliga wird auch “Die Löwen” genannt? Eintracht Braunschweig
32%
Wie werden weiße Blutkörperchen in der Fachsprache genannt? Leukozyten
32%
“Ich liebe das Leben” ist ein Lied von…? Vicky Leandros
30%
Was ist das Nationaltier von Schottland? Einhorn
29%
Was ist der Unterschied zwischen grünen und schwarzen Oliven? Reifegrad
29%
Welcher ist der kleinste Ozean der Erde? Arktischer Ozean
27%
Wie heißt der Bestseller Roman von Felix Lobrecht aus dem Jahr 2017? Sonne und Beton
27%
Wer schrieb unter anderem die Kinderbücher “Der Räuber Hotzenplotz”, “Die kleine Hexe”und “Das kleine Gespenst”? Otfried Preußler
23%
In welchem Märchen wird eine Prinzessin dem nächstbesten Bettler versprochen? König Drosselbart
22%
Wie heißt das kleine grüne Chamäleon aus Disneys “Rapunzel”? Pascal
18%
I came in like a wrecking ball, I never hit so…? hard in love
16%
Welcher Autor veröffentlichte 2024 “Das Kalendermädchen”? Sebastian Fitzek
16%
In welcher Band zählen unter anderem David Gilmour, Roger Waters und Syd Barrett zu den Mitgliedern? Pink Floyd
14%
Für Espresso wird die Arabica-Bohne und welche andere genutzt? Robusta
13%
Welcher ist der längste Nerv im menschlichen Körper? Ischiasnerv
10%
Wie nennt man die Multiplikation von zwei Vektoren? Skalarprodukt
6%
Wie viele Follower wollte Stefan Raab für sein Comeback erreichen? 9 Millionen
5%
Wie heißt der kleine Kolibri und treue Begleiter von Pocahontas Flit
4%
Wer half dem verurteilten Jesus von Nazareth sein Kreuz nach Golgota zu tragen? Simon von Cyrene
4%
Wie nennt man in der Politikwissenschaft ein Land in dem Staat und Religion strikt getrennt sind? Laizistischer Staat
1%
Keine übereinstimmenden Quizze gefunden
Verteilung der Resultate
Anzahl Personen mit jedem Resultat
Perzentil nach korrekt beantworteten Fragen
Ihre Resultats-Entwicklung
Sie haben dieses Quiz seit der letzten Aktualisierung nicht gespielt